000 01373nab a22002657a 4500
999 _c6439
_d6439
003 OSt
005 20260203105459.0
008 190429b xxu||||| |||| 00| 0 spa d
040 _cPJ
100 _96552
_aSalvatori, Rita
245 1 3 _aEl derecho de la víctima menor de edad a permanecer en silencio /
_cRita Salvatori.
260 _cCiudad Autónoma de Buenos Aires :
_aThomson Reuters La Ley,
_b2023.
300 _ap. 110-130
500 _aCita Online: AR/DOC/2694/2023.
505 _aSumario: I. Introducción.— II. Reseña del caso.— III. Derecho a ser escuchado. Derecho a permanecer en silencio.— IV. Interacción entre el derecho a ser escuchado y el interés superior.— V. Consideraciones finales.— VI. Bibliografía.
505 _aFallo comentado: CS ~ 29/08/2023 ~ G., G. E. s/ abuso sexual agravado por la convivencia y el parentesco causa n° 19837/14.
505 _tSi te interesa el texto completo, solicitalo a koha@justierradelfuego.gov.ar
650 0 _9343
_aDERECHO PENAL
650 0 _94885
_aDERECHOS DE LA VÍCTIMA
650 0 _94378
_aDERECHO A SER OÍDO
650 0 _92903
_aABUSO SEXUAL
650 0 _94097
_aINTERES SUPERIOR DEL NIÑO
773 0 _02658
_93164
_tRevista de derecho penal y criminología. Nº 11 - Diciembre 2023
_dCiudad Autónoma de Buenos Aires : Thomson Reuters La Ley, 2017-
_x00347914
942 _2udc
_cANA